000 00479nam a2200181 i 4500
001 36100
003 ES-MaACL
005 20250620063011.0
007 t|
008 030217s1926 po ||||1| por d
100 1 _aBrandão, Raúl,
_d1867-1930
_931331
245 1 2 _aA farsa /
_cRaul Brandao.
250 _a4ª ed.
260 _aLisboa :
_b[s.n.],
_c1926 (
_fAnuario Comercial)
300 _a211 p. ;
_c19 cm.
852 _aES-MaACL
_jA-2295
999 _c36100
_d36100